000 01101nam a22003497a 4500
001 BR0403337
003 BR-BrBNA
005 20230928101655.0
007 ta
008 230509b bl.||||| |||| 00| 0 por d
040 _aBR-BrBNA
_bpor
_cBiblioteca Nacional de Agricultura
041 _a(Por)
072 _aF30; H20
_b1850
_b4150
090 _ 1850 BR0403337
100 1 _aResende, L.V.
110 1 _aUniversidade Federal de Lavras, MG (Brasil)
_0Tese (Doutorado)
245 1 _aMecanismos de resistência a tospovirus e capacidade de combinação de linhagens de tomate (Lycopersicon esculentum Mill.)do grupo Santa Cruz
260 3 _aLavras, MG (Brasil):
_c1996.
300 _a134 p.
500 _aSummaries (Eng, Por); Several bBibliography; 38 tables
650 _aTOMATE
650 _aLINHAGEM
650 _aVIROSE VEGETAL
650 _aHIBRIDAÇÃO
650 _aVARIAÇÃO CLONAL
650 _aMÉTODO ESTATÍSTICO
650 _aVIRA-CABEÇA
650 _aCRUZAMENTO DIALÉLICO
650 _aVARIEDADE RESISTENTE
909 _a202309
_bLucia
_c55
_dLucia Elande
942 _cBK
999 _c66996
_d66996